| 000 | 00694nam a2200205Ia 4500 | ||
|---|---|---|---|
| 001 | 65171 | ||
| 003 | OSt | ||
| 005 | 20150713113445.0 | ||
| 008 | 150303s9999 xx 000 0 und d | ||
| 020 | _a9789699739019 | ||
| 040 | _cPK-LaUMT | ||
| 082 |
_a 891.4393 _bRIF-R |
||
| 100 | _aRiffat Naheed Sajjad(رفعت ناہید سجاد) | ||
| 245 |
_aRaet par teratay jazeeray (Urdu)(ریت پر تیرتے جزیرے) _cRiffat Naheed Sajjad(رفعت ناہید سجاد) |
||
| 260 |
_aLahore,Pakistan:(لاہور،پاکستان) _bJumhoori Publications,(جمہوری پبلیکیشنز) _c2012 |
||
| 300 | _a280 p. | ||
| 546 | _aUR | ||
| 650 | _aPakistani literature-Urdu | ||
| 942 |
_cBK _2ddc |
||
| 999 |
_c67215 _d67215 |
||